00668nam a2200181 a 450000100100000000500170001000800410002704000250006808200110009310000330010424501220013725000120025926000820027130000210035349000210037450000700039583000210046500004907520201002061632.0190717s2004 dr 000 0 spa d aDO-SdBNPbspacBNPHU axxbxx1 aDomínguez Cruz, Franklín10aSantiago Rodríguez :bel patriota ignorado, historia crítica de la Restauración /cFranklín Domínguez Cruz. a2a. ed. aSanto Domingo, República Dominicana :bConsejo Nacional de Frontera,c2004. a123 p. ;c23 cm.1 aNuestra Frontera aIncluye datos biográficos del autor en la solapa de la cubierta 0aNuestra Frontera